Telephony V.1: General principles and manual exchange systems ( A detailed exposition of the telephone exchange& (Record no. 167482)

MARC details
000 -LEADER
fixed length control field 00417nam a2200133Ia 4500
008 - FIXED-LENGTH DATA ELEMENTS--GENERAL INFORMATION
fixed length control field 231217s9999 xx 000 0 und d
041 ## - LANGUAGE CODE
Language code of text/sound track or separate title English
082 ## - DEWEY DECIMAL CLASSIFICATION NUMBER
Classification number 621.382 ATK.1 `R'
100 ## - MAIN ENTRY--PERSONAL NAME
Personal name Atkinson, J
245 #0 - TITLE STATEMENT
Title Telephony V.1: General principles and manual exchange systems ( A detailed exposition of the telephone exchange&
260 ## - PUBLICATION, DISTRIBUTION, ETC.
Date of publication, distribution, etc. 1948
Name of publisher, distributor, etc. Sir Isaac Pitman, London
300 ## - PHYSICAL DESCRIPTION
Extent xii+499
942 ## - ADDED ENTRY ELEMENTS (KOHA)
Koha item type Books
Holdings
Date last seen Total checkouts Full call number Accession number Cost, total (INR) price Price effective from Category Public note Lost status Damaged status Department Withdrawn status Home library Current library Entry date Cost, normal purchase price Grants Billnumber Billdate Currency symbol Conversion rate Discount Old discount Vendor
26/01/2024   621.382 ATK.1 `R' 16650 343.61 26/01/2024 Books Weeded Out 2016     Central Library   Central Library Central Library 06/12/2000 404.25 EC 20680 30/01/2017 RS 1 60.64 15  
26/01/2024     16651 343.61 26/01/2024 Books Rare book     Central Library   Central Library Central Library 06/12/2000 404.25 EC 20680 27/03/2017 RS 1 60.64 15  
26/01/2024     16652 343.61 26/01/2024 Books       Central Library   Central Library Central Library 06/12/2000 404.25 EC 20680 31/12/2014 RS 1 60.64 15 Indian Institute of Science/Minue
26/01/2024     16653 343.61 26/01/2024 Books Weeded Out 2016     Central Library   Central Library Central Library 06/12/2000 404.25 EC 20680 01/01/2015 RS 1 60.64 15  
26/01/2024     16654 343.61 26/01/2024 Books Weeded Out 2016     Central Library   Central Library Central Library 06/12/2000 404.25 EC 20680 30/07/2009 RS 1 60.64 15  
26/01/2024     16655 343.61 26/01/2024 Books       Central Library   Central Library Central Library 06/12/2000 404.25 EC 20680 01/01/2015 RS 1 60.64 15 Indian Institute of Science/Minue

© For any Suggestions or Query, please contact the library staff @ librarian@pes.edu or Phone: +9180 2672 1983/ 2108.